25 let dobrovolné práce při ochraně veřejného pořádku : 5 let PS VB [Pomocná stráž Veřejné bezpečnosti] /

Bibliographic Details
Other Authors: Komenda, Dalibor (Compiler), Zachrla, Sylvestr (Compiler)
Format: Book
Language:Czech
Published: Praha : Naše vojsko, 1976
Edition:1. vyd.
Subjects:

MARC

LEADER 00000cam a2200000 a 4500
001 vtls010571093
003 SK-MaSNL
005 20260301133606.0
008 151015s1976 xr fr 000 0 cze
040 |a SNK  |b slo  |c SNK  |e AACR2 
041 0 |a cze 
044 |a xr  |c CZ 
080 |a 779:351.746.2(437)"1952/1977"  |2 1981 
245 0 0 |a 25 let dobrovolné práce při ochraně veřejného pořádku :  |b 5 let PS VB [Pomocná stráž Veřejné bezpečnosti] /  |c sest. kol. pod ved. Sylvestra Zachrly a Dalibora Komendy 
246 1 3 |a Dvadsetpět let dobrovolné práce při ochraně veřejného pořádku 
250 |a 1. vyd. 
260 |a Praha :  |b Naše vojsko,  |c 1976 
300 |a [108] s. ;  |c 4° 
366 |e 15000 výt. 
500 |a Obálka a väzba: Jan Lát 
500 |a Vyd. federálne min. vnútra 
648 7 |a 1952-1977  |2 SNKPH  |9 486240 
650 0 7 |a Pomocná stráž VB  |2 SNKPH  |9 486241 
650 0 7 |a verejná bezpečnosť  |2 SNKPH  |9 1674 
655 7 |a monografie  |2 SNKPH  |9 70139 
655 7 |a fotografie  |2 SNKPH  |9 70713 
700 1 |a Komenda, Dalibor  |4 com  |9 486242 
700 1 |a Zachrla, Sylvestr  |4 com  |9 486243 
958 |a OND 
999 |c 754113  |d 756043 
952 |a SNK  |b SNK  |y PREZ  |7 0  |p 17A0925761  |o snkSB 25295  |0 0  |1 0  |4 0  |d 2014-01-22  |f 1  |l 0  |r 2025-03-27 00:00:00  |w 2026-02-23